00000000nam##2200000za#4500
0019.598247
003CaOODSP
00520211027154720
007cr |||||||||||
008150406|2009||||xxc|||||o    f|0| 0 fre|d
040 |aCaOODSP|bfre
043 |an-cn---
0861 |aYM32-3/402-627F-PDF
24500|aProjet de loi C-7 : |h[ressource électronique]|bLoi modifiant la Loi sur la responsabilité en matière maritime, la Loi sur les cours fédérales et d'autres Lois en conséquence / |c[par] David Johansen.
260 |aOttawa - Ontario : |bBibliothèque du Parlement. |cLe 13 février 2009, révisé le 23 juin 2009.
300 |a22p.|btableaux
4901 |aRésumé législatif|vLS-627F
590 |a09-49|b2009-12-04
7101 |aCanada.|bBibliothèque du Parlement. |bDirection de la recherche parlementaire.
7201 |aJohansen, David
77508|tBill C-7 : |w(CaOODSP)9.566802
830#0|aRésumé législatif (Canada. Service d'information et de recherche parlementaires)|vLS-627F|w(CaOODSP)9.501179
85640|ahttp://publications.gc.ca|qPDF|s152 Ko|uhttps://publications.gc.ca/collections/collection_2009/bdp-lop/ls/402-627F.pdf|yLS-627F